|
|
|
|
| LEADER |
00000nam a2200000 a 4500 |
| 001 |
vtls011467365 |
| 003 |
SK-MaSNL |
| 005 |
20260302085230.0 |
| 008 |
250313s1984 xo a f 100 0 slo |
| 020 |
|
|
|q (brož.)
|
| 035 |
|
|
|a urn:nbn:sk:snk-am008x3j
|
| 035 |
|
|
|a urn:nbn:sk:snk-am3hb24
|
| 035 |
|
|
|a FC45BFDE-E596-4EAF-AD1D-B50F14AE8231
|
| 040 |
|
|
|a SNK
|b slo
|c SNK
|e AACR2
|
| 041 |
0 |
|
|a slo
|a cze
|
| 044 |
|
|
|a xo
|c SK
|
| 072 |
|
7 |
|a 004
|x Počítačová veda. Výpočtová technika. Informačné technológie
|2 konspekt
|
| 072 |
|
7 |
|a 005
|x Manažment. Riadenie
|2 konspekt
|
| 072 |
|
7 |
|a 332
|x Regionálna ekonómia, regionálna ekonomika
|2 konspekt
|
| 080 |
|
|
|a 004
|2 2001
|
| 080 |
|
|
|a 005
|2 2001
|
| 080 |
|
|
|a 332.154
|2 2001
|
| 080 |
|
|
|a (062.534)
|2 2001
|
| 111 |
2 |
|
|a Výpočtová technika a jej vplyv na organizáciu a riadenie
|d (1984 :
|c Brno, Česko)
|9 755291
|
| 245 |
1 |
0 |
|a Výpočtová technika a jej vplyv na organizáciu a riadenie
|b zborník prednášok : [13.-15. novembra 1984 v Brne]
|c [Kolektív]
|n II. diel
|
| 250 |
|
|
|a 1. vyd.
|
| 260 |
|
|
|a Bratislava
|b P ČSVTS
|c 1984
|
| 300 |
|
|
|a 223 s.
|b sch., tab.
|c 21 cm
|
| 546 |
|
|
|a Text aj v češ.
|
| 650 |
0 |
7 |
|a výpočtová technika
|2 SNKPH
|9 1126
|
| 650 |
0 |
7 |
|a riadenie
|2 SNKPH
|9 924
|
| 650 |
0 |
7 |
|a organizácia
|2 SNKPH
|9 295053
|
| 655 |
|
7 |
|a zborníky konferencií
|2 SNKPH
|9 70153
|
| 852 |
|
|
|a Slovenská národná knižnica
|
| 958 |
|
|
|a OND
|
| 999 |
|
|
|c 1191245
|d 1193175
|
| 952 |
|
|
|a SNK
|b SNK
|y PREZ
|7 0
|p 17A1124549
|o snkSC 167663/2
|i snk2016/1182
|8 1
|0 0
|1 0
|4 0
|d 2016-01-19
|f 1
|l 0
|r 2026-02-24 22:11:41
|w 2026-02-24
|
| 952 |
|
|
|a SNK
|b SNK
|y VYP
|7 0
|p 17A1124548
|o snkSC 167663/2 D1
|i snk2016/1183
|8 1
|0 0
|1 0
|4 0
|d 2016-01-19
|l 0
|r 2026-02-24 22:11:41
|w 2026-02-24
|